| 000 | 00436 a2200169 4500 | ||
|---|---|---|---|
| 001 | 60623 | ||
| 020 | _a852621750X | ||
| 040 | _cAnchieta - Pituba | ||
| 100 | _aSantos, Maria Lúcia dos | ||
| 240 | 1 | 0 |
_aA expressão livre no aprendizado da língua portuguesa _lpor |
| 245 | 1 | 0 | _aA expressão livre no aprendizado da língua portuguesa |
| 300 | _a286 | ||
| 362 | 0 | _a1996 | |
| 440 | 1 | _aScipione | |
| 650 | 4 | _aEducação | |
| 942 | _cBK | ||
| 999 |
_c60623 _d60623 |
||